banner koha

Determinacao da taxa de secagem dos graos em lavouras de sorgo [Sorghum vulgare] (Registro n. 308874)

MARC details
000 -LÍDER
campo de controle de tamanho fixo 01155naa a22003137a 4500
001 - NÚMERO DE CONTROLE
campo de controle BR7803095
003 - IDENTIFICADOR DO NÚMERO DE CONTROLE
campo de controle BR-BrBNA
005 - DATA E HORÁRIO DA ÚLTIMA TRANSAÇÃO
campo de controle 20240918174107.0
007 - CAMPO FIXO DE DESCRIÇÃO FÍSICA--INFORMAÇÃO GERAL
campo de controle de tamanho fixo ta
008 - CAMPO DE DADOS FIXOS--INFORMAÇÃO GERAL
campo de controle de tamanho fixo 230509b bl.||||| |||| 00| 0 por d
040 ## - FONTE DA CATALOGAÇÃO
Instituição da catalogação original BR-BrBNA
Idioma da catalogação por
Instituição que transcreveu o registro Biblioteca Nacional de Agricultura
041 ## - CÓDIGO DE IDIOMA
Código do idioma do texto/trilha sonora ou título diferente (Pt)
072 ## - CÓDIGO DE CATEGORIA DE ASSUNTO
Código de Categoria de Assunto F60
Código do objeto 0170
-- 9205
090 ## - NÚMERO DE CHAMADA LOCAL
Número de chamada F60 BR7803095
100 1# - ENTRADA PRINCIPAL--NOME PESSOAL
Nome pessoal Montovani, B.H.M.
100 1# - ENTRADA PRINCIPAL--NOME PESSOAL
Nome pessoal Montovani, E.C.
100 1# - ENTRADA PRINCIPAL--NOME PESSOAL
Nome pessoal Silva, T.
111 1# - ENTRADA PRINCIPAL--NOME DO EVENTO
Nome do evento ou lugar 22. Reuniao Tecnica Anual do Milho e 6. do Sorgo Granifero
Local do evento Porto Alegre, RS (Brazil)
Data do evento ou assinatura do tratado Aug 1977
245 1# - TÍTULO
Título Determinacao da taxa de secagem dos graos em lavouras de sorgo [Sorghum vulgare]
260 3# - PUBLICAÇÃO, DISTRIBUIÇÃO, ETC.
Local de publicação, distribuição, etc. Porto Alegre, RS (Brasil):
Data da publicação, distribuição, etc. 1977.
500 ## - NOTA GERAL
Nota geral Ata da 22. Reuniao Tecnica Anual do Milho e 6. do Sorgo Granifero<br/>Porto Alegre, RS (Brasil): 1977. p. 536-543<br/>(BR7803095-AM)F60<br/>
650 ## - ASSUNTO--TERMO TÓPICO
Cabeçalho tópico ou nome geográfico FISIOLOGIA VEGETAL
650 ## - ASSUNTO--TERMO TÓPICO
Cabeçalho tópico ou nome geográfico SORGO
650 ## - ASSUNTO--TERMO TÓPICO
Cabeçalho tópico ou nome geográfico GRAO
650 ## - ASSUNTO--TERMO TÓPICO
Cabeçalho tópico ou nome geográfico UMIDADE
773 0# - ENTRADA ANALÍTICA
Título Ata da 22. Reuniao Tecnica Anual do Milho e 6. do Sorgo Granifero
Número de controle do registro F60 BR7803095
Partes relacionadas Porto Alegre, RS (Brasil), 1977. p. 536-543
909 ## -
-- 202404
-- Lucia
-- 55
-- Lucia Elande
942 ## - ELEMENTOS DE ENTRADA ADICIONADOS (KOHA)
Tipo de material Koha Capítulo-Livro
Fonte da classificação ou esquema de arquivamento na estante Classificação AGRIS
Exemplares
Situação do descarte Fonte da classificação ou esquema de arquivamento na estante Situação física Não pode ser emprestado Coleção Biblioteca de origem Biblioteca atual Localização na estante Total de empréstimos Número de telefone completo Data de último acesso Número do exemplar Tipo de material Koha Situação das perdas Data de aquisição Fonte de aquisição
  Classificação AGRIS       Biblioteca Nacional de Agricultura - Binagri Biblioteca Nacional de Agricultura - Binagri Agrobase - Acervo Geral   0120 BR7803034 20/05/2024 01 Capítulo-Livro   2024-04-11 Portaria Interministerial nº 164/94

BINAGRI

Telefone: (61)3218-2567/2388/3357/2097 - binagri@agro.gov.br

Ministério da Agricultura e Pecuária , Esplanada dos Ministérios, Bloco D, Anexo B, Brasília/DF, CEP: 70.043-900